000 00677nam a2200301Ia 4500
005 20260401122423.0
008 008 250103s9999 xx 000 0 eng d
020 _a9780748636549
037 _aTB
040 _aEDL
040 _beng
040 _cEDL
041 _2eng
041 _aeng
084 _a801.95 ROY
084 _qEDL
100 _aRoyle, Nicholas
_91233560
245 0 _aVeering : Theory of literature
245 0 _cRoyle, Nicholas
260 _aEdinghburgh
260 _bEdinburgh University press
260 _c2011
300 _a221p
942 _cTB
942 _h801.95 ROY
999 _c1847164
_d1847164